Types of Wood - Statistics

General Stats
  • This quiz has been taken 21 times
  • The average score is 7 of 14
Answer Stats
Hint Answer % Correct
Hardwood; acorns; northern hemisphere Oak
100%
Needles; cones; sticky; scaly bark Pine
90%
Pink petals; juicy fruit Cherry
80%
Slender; papery, white bark Birch
70%
Nuts in spiny burs; roasted over an open fire Chestnut
60%
Reddish-brown; lustrous; high-end Mahogany
60%
Evergreen; pyramidal; aromatic Spruce
60%
Extremely dense; black; luxurious Ebony
55%
Coniferous; tall tree; cylindrical; grey-brown Cedar
45%
White-green bark; fast-growing; brilliant yellow in autumn Aspen
40%
Smooth; nuts; wavy, oval leaves; silver-gray bark Beech
25%
Oil-rich leaves; fastest growing tree in the world; slender leaves Eucalyptus
10%
Triangular leaves; brittle; fast-growing tree Cottonwood
5%
Hardy; tough; durable Hickory
5%
No matching quizzes found
Score Distribution
Percent of People with Each Score
Percentile by Number Answered
Your Score History
You have not taken this quiz